Games By Bethesda DR (30 SEC)☢ - Statistics

General Stats
  • This quiz has been taken 12 times
  • The average score is 8 of 11
Answers on the Grid
Answers color-coded by a green-red scale on the quiz's grid according to % correct below.
Wolfenstein: New World Order
God of War
Fallout 4
Fortnite
Fallout 3
Call of Duty: Modern Warfare 2
Fallout New Vegas
Fall Guys
Elder Scrolls
Minecraft
Doom
Clash of Clans
Plants Vs Zombies
Tetris
Elder Scrolls 6
Madden NFL 24
Roblox
Hearts Of Iron 4
Starfield
Clash Royale
Fallout 76
Mario Kart
Fallout Shelter
Apex Legends
Tom Clancy's: Rainbow 6 Siege
Stellaris
MLB the Show 20
Doom: Enternal
 
Answer Stats
Answer % Correct
Elder Scrolls
100%
Elder Scrolls 6
100%
Fallout 3
100%
Fallout 4
100%
Fallout Shelter
100%
Fallout 76
67%
Fallout New Vegas
67%
Starfield
67%
Wolfenstein: New World Order
67%
Doom
33%
Doom: Enternal
33%
No matching quizzes found
Score Distribution
Percent of People with Each Score
Percentile by Number Answered
Your Score History
You have not taken this quiz